| 000 | 00941nam a2200277 i 4500 | ||
|---|---|---|---|
| 001 | 183494 | ||
| 003 | ES-MaACL | ||
| 005 | 20260623145031.0 | ||
| 008 | 140703s2013 sp | |||||||| | spa d | ||
| 020 | _a978-84-306-0209-4 | ||
| 080 | _a070"19" | ||
| 080 | _a070.15 | ||
| 100 | 1 |
_aBassets, Lluís _d1950- _9154903 |
|
| 245 | 1 | 3 |
_aEl último que apague la luz _b: sobre la extinción del periodismo / _cLluís Bassets. |
| 260 |
_aTres Cantos, Madrid : _bTaurus, _cimp. 2013. |
||
| 300 |
_a215 p. ; _c22 cm. |
||
| 490 | 1 | _aPensamiento | |
| 504 | _aBibliografía: p. 215. | ||
| 650 | 7 |
_aPeriodismo- _yS.XX. _915946 |
|
| 650 | 7 |
_aMedios de comunicación social- _xObjetividad. _9154904 |
|
| 830 | 0 |
_aPensamiento _9178722 |
|
| 852 |
_aES-MaACL _jA-13106 _9190434 _bR.149943 _cDEPO1 _dOlim: N-6106 _hDonación: José Luis Abellán |
||
| 903 |
_aAbellán, José Luis, _d1933-2023 _ednr _9176509 |
||
| 942 |
_2udc _cMONOGRAFIA |
||
| 999 |
_c183494 _d183494 |
||